| 000 | 01027nam a22002777a 4500 | ||
|---|---|---|---|
| 001 | BR7805613 | ||
| 003 | BR-BrBNA | ||
| 005 | 20230928085717.0 | ||
| 007 | ta | ||
| 008 | 230509b bl.||||| |||| 00| 0 por d | ||
| 040 |
_aBR-BrBNA _bpor _cBiblioteca Nacional de Agricultura |
||
| 041 | _a(Por) | ||
| 072 |
_aE10 _b/G514 |
||
| 090 | _ E10 BR7805613 | ||
| 100 | 1 | _aCarvalho, L.W.R. de | |
| 110 | 1 |
_aFundacao Universidade de Brasilia, DF (Brasil). Depto. de Economia; _95043 |
|
| 110 | 1 |
_aSuperintendencia do Desenvolvimento da Regiao Centro-Oeste, Brasilia, DF (Brasil) _910092 |
|
| 245 | 1 | _aDiagnostico geo-socio-economico da regiao centro-oeste do Brasil. Setores: Macroeconomia e sumario geral. Uma aplicacao do metodo estrutural-diferencial para analise do desenvolvimento centro-oeste | |
| 260 | 3 |
_aBrasilia, DF (Brasil): _c1978. |
|
| 300 | _a84 p. | ||
| 650 | _aANALISE ECONOMICA | ||
| 650 | _aDESENVOLVIMENTO ECONOMICO | ||
| 650 | _aREGIAO CENTRO-OESTE | ||
| 909 |
_a202309 _bLucia _c55 _dLucia Elande |
||
| 942 | _cBK | ||
| 999 |
_c25917 _d25917 |
||